000
00318nam a22001217a 4500
005
20160212043123.0
008
091209s2011 nyua b 001 0 eng
020
_a
9780073380452
041
0
_a
eng
080
_a
621.38
245
1
0
_a
Microelectronic circuit design /
_c
Richard C. Jaeger, Travis N. Blalock.
942
_2
udc
_c
BK
999
_c
767
_d
767